Biblioteka Instytutu Północnego w Olsztynie

Polskie wizje i oceny komunizmu (1917-1989) / (Rekord nr 27873)

Szczegóły MARC
000 -Nagłówek
fixed length control field 02338cam a2200553 i 4500
001 - Nr kontrolny bibl., która utworzyła rek.
control field xx004855902
003 - Siglum bibl., której nr kontr. jest w 001
control field NUKAT
005 - Data i czas ostatniej operacji
control field 20260429143517.0
008 - Elementy pola stałej długości
fixed length control field 200507s2020 pl |001 0dpol c
020 ## - ISBN
ISBN 9788365880628
dopowiedzenie (oprawa twarda ;
-- IH PAN) :
warunki dostępności zł 35,00
020 ## - ISBN
ISBN 9788380988514
dopowiedzenie (oprawa twarda ;
-- IPN) :
warunki dostępności zł 35,00
035 ## - Systemowy numer kontrolny
systemowy numer kontrolny (OCoLC)1156658263
035 ## - Systemowy numer kontrolny
systemowy numer kontrolny (NUKAT)xx004855902
040 ## - Instytucja sporządzająca opis
Instytucja, która sporządziła opis KAT U/MP
język katalgowania-trzyzn. kod pol
zasady opisu rda
Instytucja, która sporządziła rekord KAT U/MPs
Instytucja, która zmodyfikowała rekord KAT U/MP
-- WA 14/ABs
-- OLSZT 008/bak
045 2# - Okres czasu dla zawartości
czas między r. 9999 pne a nasz. czas. d1917
-- d1989
046 ## - Kod rodz. daty, data1, data2 (daty pne)
Begin/single date 2020
245 00 - Tytuł właściwy i oznaczenie odpow.
tytuł Polskie wizje i oceny komunizmu (1917-1989) /
dod. inf. ze s. tyt./ozn. odpow. pod redakcją Marka Kornata i Rafała Łatki.
260 ## - Adres wydawniczy
miejsce wydania, dystrybucji itp. Warszawa :
nazwa wydawcy, dystrybutora itp. Instytut Historii im. Tadeusza Manteuffla Polskiej Akademii Nauk :
-- Instytut Pamięci Narodowej. Komisja Ścigania Zbrodni Przeciwko Narodowi Polskiemu,
data wydania, dystrybucji itp. 2020.
300 ## - Opis fizyczny
objętość i/lub forma materiału 384 strony ;
format 25 cm.
336 ## - Content Type
Term Tekst
Code txt
Source rdacontent
337 ## - Media Type
Term Bez urządzenia pośredniczącego
Code n
Source rdamedia
338 ## - Carrier Type
Term Wolumin
Code nc
Source rdacarrier
380 ## - Form of work
Form of work Książki
380 ## - Form of work
Form of work Publikacje naukowe
388 1# - TIME PERIOD OF CREATION
Time period of creation term 2001-
504 ## - Uwaga o bibliografii
uwaga o bibliografii Indeks.
648 #7 - SUBJECT ADDED ENTRY--CHRONOLOGICAL TERM
Chronological term 1901-2000
Source of heading or term DBN
9 (RLIN) 34996
650 #7 - Hasło przedmiotowe-nazwa pospolita
nazwa pospolita lub geogr. Ewaluacja
źródło hasła DBN
9 (RLIN) 40905
650 #7 - Hasło przedmiotowe-nazwa pospolita
nazwa pospolita lub geogr. Komunizm
źródło hasła DBN
9 (RLIN) 37289
650 #7 - Hasło przedmiotowe-nazwa pospolita
nazwa pospolita lub geogr. Lewica (politologia)
źródło hasła DBN
9 (RLIN) 38831
650 #7 - Hasło przedmiotowe-nazwa pospolita
nazwa pospolita lub geogr. Wpływ i recepcja
źródło hasła DBN
9 (RLIN) 36244
650 #7 - Hasło przedmiotowe-nazwa pospolita
nazwa pospolita lub geogr. Komunizm
określnik geograficzny Polska.
źródło hasła kaba
9 (RLIN) 40906
650 #7 - Hasło przedmiotowe-nazwa pospolita
nazwa pospolita lub geogr. Komunizm
określnik geograficzny Polska
określnik rzeczowy opinia publiczna.
źródło hasła kaba
9 (RLIN) 40907
650 #7 - Hasło przedmiotowe-nazwa pospolita
nazwa pospolita lub geogr. Idee polityczne
określnik geograficzny Polska
określnik rzeczowy historia.
źródło hasła kaba
9 (RLIN) 40908
650 #7 - Hasło przedmiotowe-nazwa pospolita
nazwa pospolita lub geogr. Ruchy antykomunistyczne
określnik geograficzny Polska
określnik rzeczowy historia.
źródło hasła kaba
9 (RLIN) 40909
651 #7 - Hasło przedmiotowe-nazwa geogr.
nazwa geograficzna Polska
źródło hasła DBN
9 (RLIN) 35076
651 #7 - Hasło przedmiotowe-nazwa geogr.
nazwa geograficzna Związek Radziecki
określnik rzeczowy opinia publiczna polska.
źródło hasła kaba
9 (RLIN) 40910
655 #7 - Termin określający rodzaj/formę
rodzaj/forma Praca zbiorowa
źródło terminu DBN
9 (RLIN) 35107
658 ## - Nazwa określająca cel programu nauczania
główny cel programu nauczania Filozofia i etyka
658 ## - Nazwa określająca cel programu nauczania
główny cel programu nauczania Historia
658 ## - Nazwa określająca cel programu nauczania
główny cel programu nauczania Polityka, politologia, administracja publiczna
700 1# - Hasło dodatkowe - nazwa osobowa
nazwa osobowa Kornat, Marek
daty biograficzne (1971- ).
rodzaj współpracy Redakcja
9 (RLIN) 16251
700 1# - Hasło dodatkowe - nazwa osobowa
nazwa osobowa Łatka, Rafał
daty biograficzne (1985- ).
rodzaj współpracy Redakcja
9 (RLIN) 15865
710 2# - Hasło dodatkowe - nazwa ciała zbior.
nazwa ciała zbior. lub nazwa geogr. Polska Akademia Nauk.
nazwa jednostki podrzędnej Instytut Historii im. Tadeusza Manteuffla.
rodzaj współpracy Wydawca
kod rodzaju współpracy pbl
9 (RLIN) 8586
710 2# - Hasło dodatkowe - nazwa ciała zbior.
nazwa ciała zbior. lub nazwa geogr. Instytut Pamięci Narodowej - Komisja Ścigania Zbrodni przeciwko Narodowi Polskiemu.
rodzaj współpracy Wydawca
kod rodzaju współpracy pbl
9 (RLIN) 11792
920 ## - ISBN
ISBN 978-83-65880-62-8 (oprawa twarda ; IH PAN) : zł 35,00
920 ## - ISBN
ISBN 978-83-8098-851-4 (oprawa twarda ; IPN) : zł 35,00
942 ## - ADDED ENTRY ELEMENTS (KOHA)
Source of classification or shelving scheme Dewey Decimal Classification
Koha item type pozycje dostępne na miejscu
Egzemplarze
Status wycofania Status zagubienia Klasyfikacja Status uszkodzenia Blokada wypożyczeń Kolekcja Lokalizacja macierzysta Lokalizacja bieżąca Data nabycia Numer akcesji Źródło akcesji Cena Nr inwentarzowy il. wypożyczeń Sygnatura Kod kreskowy Date last seen Price effective from Typ egz.
    Dewey Decimal Classification nieuszkodzona   książka w magazynie Biblioteka Instytutu Północnego w Olsztynie Biblioteka Instytutu Północnego w Olsztynie 30/11/2020 D-36/2020 dar 35.00 59976   59976 IPWK24080 29/04/2026 29/04/2026 pozycje dostępne na miejscu
Biblioteka Instytutu Północnego, ul. Partyzantów 87, 10-402 Olsztyn, email: biblioteka(at)ip.olsztyn.pl